| 000 | 00349nam a2200133Ia 4500 | ||
|---|---|---|---|
| 008 | 240624s9999 xx 000 0 und d | ||
| 041 | _aeng | ||
| 082 | _a004.6 STR | ||
| 100 | _aSTRAW ALISON | ||
| 245 | _aNETWORKING IN A WEEK HOW TO NETWORK IN S | ||
| 260 |
_c2016 _aGreat Britain _bHodder & Stoughton |
||
| 300 | _a121 p.; 23 cm. | ||
| 365 |
_c _b38 |
||
| 999 |
_c30732 _d30732 |
||